[Event "FIDE-Wch k.o. f"]
[Site "Lausanne"]
[Date "1998.01.06"]
[Round "8.4"]
[White "Anand, Viswanathan"]
[Black "Karpov, Anatoly"]
[Result "0-1"]
[WhiteElo "2770"]
[BlackElo "2735"]
[Annotator "Ftacnik,Lubomir"]
[PlyCount "98"]
[EventDate "1998.01.02"]
[EventType "match"]
[EventRounds "6"]
[EventCountry "SUI"]
[SourceTitle "CBM 063"]
[Source "ChessBase"]
[SourceDate "1998.03.26"]
[SourceVersion "1"]
[SourceVersionDate "1998.03.26"]
[SourceQuality "1"]

1. e4 c6 2. d4 d5 3. exd5 cxd5 4. c4 Nf6 5. Nc3 e6 6. Nf3 Be7 7. cxd5 Nxd5 8. Bd3 Nc6 9. O-O O-O 10. Re1 Bf6 11. Be4 Nce7 12. h4 Nf5 (12... Bd7 13. Qd3 h6 (13... g6 14. Bh6 Re8 (14... Bg7 15. Bxg7 Kxg7 16. Bxd5 Nxd5 17. Nxd5 exd5 18. Re5 Bg4 19. g3 f6 20. Ree1 Bxf3 21. Qxf3 Qd7 {½-½ Obodchuk,A-Acs,P/Budapest FS11 IM-B 1994 (43)}) 15. h5 Bc6 16. hxg6 hxg6 17. Rad1 Rc8 18. Ne5 Nxc3 19. Nxc6 bxc6 20. bxc3 Qa5 21. Bd2 c5 22. c4 Qxa2 23. d5 exd5 24. cxd5 c4 25. Qf3 {1-0 Kosic,D-Cela,A/Balkaniad 1989 (33)}) 14. Ng5 $5 (14. a3 Bc6 15. Ne2 Nb6 16. Ng3 Bxe4 17. Qxe4 Qd5 18. Qg4 Kh7 19. Ne4 Nd7 20. Bg5 Nf5 21. Bxf6 Nxf6 22. Nxf6+ gxf6 23. Rac1 Rg8 24. Qe4 Qxe4 25. Rxe4 Rac8 {½-½ Chiburdanidze,M-Ioseliani,N/WchW 1988 (39)}) 14... g6 (14... Ng6 $2 15. Nxf7 $1) (14... Bc6 15. Bh7+ Kh8 16. Bg8 g6 17. Nxf7+) (14... hxg5 15. hxg5 Bc6 16. Bh7+ Kh8 17. Qh3 $18) 15. Nf3 Bg7 16. h5 $5 g5 (16... gxh5 17. Ne5 $16 { 18.g3, 18.h3}) 17. Nxg5 $3 hxg5 18. Bxg5 $40 f6 19. Bh7+ Kh8 20. h6 fxg5 $2 {} (20... Nxc3 21. Bd2 Ncd5 22. hxg7+ Kxg7 $13 {} 23. Qh3 Rh8 24. Qh6+ Kf7 25. Qh5+ $11) 21. hxg7+ Kxg7 22. Nxd5 exd5 (22... Nxd5 23. Qg6+ Kh8 24. Qh6 $18) 23. Re5 $1 $18 {1-0 Dzhandzhava,L-Kalegin,E/Batumi 1991 (30)}) (12... b6 13. Bg5 Bxg5 14. hxg5 Bb7 15. Qd3 Nb4 16. Qb1 Bxe4 17. Qxe4 Rc8 18. a3 Nbd5 19. Ne2 a5 20. g3 Nf5 21. Kg2 Qc7 22. Rac1 Qb7 23. Nc3 Rfd8 24. Nxd5 Rxd5 25. Rxc8+ Qxc8 {1-0 Trofimova,O-Kononenko,T/EU-chJW U20 1995 (36)}) ({RR} 12... Bd7 13. Qd3 g6 14. h5 Bc6 15. hxg6 hxg6 16. Bg5 Bxg5 17. Nxg5 Nf5 18. Qd2 Rc8 19. Rad1 Re8 20. Nf3 Kg7 21. g3 Nf6 {½-½ (21) Ivanov,J (2345)-Banov,B (2046) Dimitrovgrad SRB 2023}) 13. Qd3 (13. Bxf5 exf5 14. Nxd5 Qxd5 15. Bg5 Bxg5 16. Nxg5 h6 17. Nf3 $11) 13... Nxc3 $146 ({RR} 13... Nb4 14. Qc4 a5 15. Bg5 Bxg5 16. hxg5 Nd6 17. Qb3 Nxe4 18. Rxe4 Ra6 19. a3 Nd5 20. Nxd5 Qxd5 21. Qxd5 exd5 22. Re5 Be6 23. Rc1 Rb6 24. Re2 Bg4 25. Rc5 Rb3 26. Rxa5 b5 27. Rc2 Bxf3 28. gxf3 {Timman,J (2635)-Portisch,L (2600) Frankfurt 1998 1-0 (61)}) 14. bxc3 h6 (14... Nxh4 15. Bxh7+ Kh8 16. Nxh4 Bxh4 17. Be4 $14) 15. h5 (15. g3 Nd6 16. Ba3 Nxe4 17. Qxe4 (17. Bxf8 Nxf2 18. Kxf2 Qxf8 $13) 17... Re8 18. c4 Qc7 $11) (15. Bxf5 exf5 16. Ba3 Re8 17. Rxe8+ Qxe8 18. Re1 Qd8 19. c4 $11) 15... Nd6 16. Ne5 (16. Ba3 $5) 16... Nxe4 (16... Bxe5 $5 17. Bh7+ $1 Kh8 18. dxe5 Nf5 19. Bxf5 exf5 20. Qxd8 Rxd8 21. Be3 $15) 17. Qxe4 Bxe5 18. dxe5 (18. Qxe5 Qd5 (18... b6 $11) 19. Qxd5 exd5 20. Ba3 Rd8 $11) 18... f5 $1 19. Qe2 $6 {After this move only black can hope to create some problems.} (19. exf6 Rxf6 20. Be3 Rf5 21. Rad1 $13) (19. Qf3 $5) 19... Bd7 20. Rd1 Bb5 $1 21. Qf3 (21. Rxd8 Bxe2 22. Rd7 Rf7 23. Rd6 Bxh5 24. Rxe6 Rc7 $15) 21... Qe8 22. Bf4 (22. Qxb7 Bc6 23. Qa6 (23. Qc7 Rc8 24. Qd6 Rf7 $1 (24... Bd5 25. Rxd5 $5 exd5 26. Qxd5+ Kh8 27. Ba3 Rg8 28. Bb4 Qxh5 29. Re1 $15) 25. Qb4 Rfc7 26. Qh4 Bb5 $17) 23... Bb5 (23... Qxh5 24. Bxh6 $1) 24. Qb7 (24. Qa5 Qxh5 25. Ba3 Bc6 26. Bxf8 Qg5 27. g3 Qh5 28. Kf1 Bf3 29. Ke1 Bxd1 30. Rxd1 Rxf8 $15) 24... Bc6 $11) 22... Rc8 23. Rd4 Rc4 24. Rad1 (24. Qxb7 $5 Rxc3 25. Rb1 a6 26. a4 Bc6 27. Qb2 $11) 24... Qf7 25. Rxc4 (25. Rd8 Be8 $1 26. R1d4 Rxd4 27. cxd4 Qxh5 28. Qxb7 Qd1+ 29. Kh2 Qg4 $17) 25... Bxc4 26. a3 {The middlegame is not encouraging, pawns a3, c3, e5 and h5 are potentially very weak.} Rc8 27. Rd4 Kh7 (27... Bd5 28. Qh3 Qc7 29. Rd3 $15) 28. Bd2 Bd5 29. Qh3 b5 30. a4 (30. Qh4 Rc5 31. a4 (31. f3 a5 $17) 31... Be4 32. axb5 Rxb5 $17) 30... bxa4 31. Rxa4 Rc4 32. Rxc4 (32. Rb4 a5 33. Rxc4 Bxc4 34. Qh4 Bb3 $17) (32. Ra3 Qb7 $1 33. Qd3 Rh4 $17) 32... Bxc4 33. Qh4 Bb5 34. c4 (34. Qb4 Qxh5 35. Qxb5 Qd1+ 36. Kh2 Qxd2 $17) 34... Be8 35. c5 $2 {Anand plays this endgame without his usual esprit, the situation was not so critical yet.} (35. Qd8 $1 Qxh5 36. Be3 Qg6 (36... Qf7 37. Qa8 $11) (36... Bc6 37. Qd6 $11) 37. Qa8 a5 38. c5 a4 39. c6 f4 40. c7 Qb1+ 41. Kh2 Bd7 42. Bc5 (42. Bxf4 Qf5 43. Bg3 Qh5+ 44. Kg1 Qd1+ $11) 42... Qg6 43. Kg1 Qb1+ 44. Kh2 $11) 35... Qd7 36. Bc3 Qd3 37. Qd4 (37. Bd4 a5 $17) (37. Bb4 Qd5 $17) 37... Qxd4 38. Bxd4 a5 39. c6 $2 (39. f3 $5 Bxh5 40. c6 Be8 41. c7 Bd7 42. Kf2 a4 43. Bc5 f4 $17) (39. f4 a4 40. Bb2 Bxh5 41. c6 Be8 42. c7 Bd7 43. Kf2 Kg6 44. Ba3 Bc8 45. Ke3 Kf7 46. Kd4 $15) 39... Bxc6 40. f3 f4 $1 (40... Be8 41. g4 $15) 41. Bb2 (41. Bc3 $2 a4 42. Bd2 a3 $19) 41... Be8 42. Bc1 a4 43. Bxf4 a3 44. Be3 Bxh5 {White must have misjudged the consequences of this endgame. The assymetry of the pawns plays in the hands of the side with a spare pawn.} 45. Kf2 (45. g4 a2 46. Bd4 Be8 47. f4 g6 48. Kf2 h5 49. Kg3 Ba4 50. Kh4 Kh6 51. Bc3 Bd1 52. gxh5 gxh5 $19) 45... Be8 46. Bd4 Bc6 47. Bc3 a2 48. g3 h5 49. g4 (49. Kg2 g5 50. Kf2 Kg6 51. Ke3 h4 52. Kf2 h3 $19) (49. f4 Kg6 50. Ke3 Kf5 51. Bb2 Kg4 52. Kf2 h4 53. gxh4 Kxf4 $19) 49... h4 (49... h4 50. f4 g5 $1 51. f5 (51. fxg5 Kg6 52. Ba1 Kxg5 $19) 51... exf5 52. gxf5 g4 $19) 0-1

[Event "Moscow"]
[Site "Moscow"]
[Date "1981.04.??"]
[Round "8"]
[White "Karpov, Anatoly"]
[Black "Timman, Jan H"]
[Result "1-0"]
[WhiteElo "2690"]
[BlackElo "2620"]
[Annotator "Belov,Igor"]
[PlyCount "59"]
[EventDate "1981.04.08"]
[EventType "tourn"]
[EventRounds "13"]
[EventCountry "URS"]
[EventCategory "15"]
[SourceTitle "MCL"]
[Source "ChessBase"]
[SourceDate "1999.07.01"]
[SourceVersion "1"]
[SourceVersionDate "1999.07.01"]
[SourceQuality "1"]

1. c4 c5 2. Nf3 Nc6 3. e3 Nf6 4. Nc3 e6 5. d4 d5 6. cxd5 Nxd5 7. Bd3 Be7 8. O-O O-O 9. a3 cxd4 (9... Nxc3 10. bxc3 b6 11. Bb2 Bb7 12. Qe2 Qc7 13. Rad1 Bf6 14. e4 g6 15. h4 $14 {Psakhis,L-Sveshnikov,E/Sochi/1985/1:0 (46) Inf 40/520/}) 10. exd4 Bf6 11. Be4 Nce7 (11... Qd6 $5 12. Qd3 h6 13. Rd1 Bd7 14. Qe2 Rac8 $10 {Alburt,L-Sax,G/Hastings/1983/1:0 (57) Inf 37/475/}) 12. Qd3 (12. Ne5 Nc6 $5) 12... h6 $6 (12... g6 $142 13. Bh6 Bg7 14. Bxg7 Kxg7 15. Rfe1 b6 16. Bxd5 Nxd5 17. Nxd5 Qxd5 18. Re5 Qd6 $10 {Miles,A-Portisch,L/Bugojno/1978/}) 13. Ne5 $14 ({RR} 13. Bd2 b6 14. Ne5 Bxe5 15. dxe5 Bb7 16. Nb5 Ba6 17. a4 Qd7 18. Rfd1 Rfd8 19. Qg3 Bxb5 20. Bxh6 Ng6 21. Bxg6 fxg6 22. axb5 gxh6 23. Qxg6+ Qg7 24. Qxe6+ Qf7 25. Qxh6 Qg7 26. Qe6+ Qf7 27. Qg4+ Qg7 {Nguyen Ngoc Truong Son (2600)-Giri,A (2760) Doha QAT 2025 0-1 (42)}) 13... Nxc3 14. Qxc3 Nf5 (14... Qd6 $5 15. b4 Nd5 16. Qg3 $14) 15. Be3 Nd6 $146 (15... Nxe3 16. fxe3 Bxe5 17. dxe5 $16 {× c8/}) ({RR} 15... Nxe3 16. fxe3 Bxe5 17. dxe5 Qb6 18. Rad1 Rd8 19. Rxd8+ Qxd8 20. Bc2 Bd7 21. Qd3 g6 22. Rxf7 {1-0 (22) Jakobsen,O (2380)-Olesen,M (2340) Espergarde 1995}) ({RR} 15... a5 16. Rac1 a4 17. Rfd1 Nxe3 18. Qxe3 Qb6 19. Ng4 Bg5 20. f4 Be7 21. d5 Qxb2 22. d6 Bd8 23. Rb1 Qa2 24. Rd2 Qc4 25. Ne5 Qa6 26. d7 Ba5 27. dxc8=Q Bxd2 28. Qxf8+ {1-0 (28) Crosa Coll,M-Munoa da Silva,E Cascavel 1996}) 16. Bf3 $1 {× b7/} Bd7 17. Qb4 Bb5 (17... Be7 18. Qb3 { d5/}) (17... Qe7 18. Bf4 a5 19. Qb3 $16) 18. Rfe1 a5 19. Qb3 Ba6 20. Rad1 Nf5 21. Be4 { f5/} Nxe3 22. Qxe3 Qd6 23. Bc2 Rfd8 $2 (23... Qd5 $142 24. Bb3 Qd6 25. f4 { d5/}) 24. Qe4 Rac8 25. Qh7+ (25. h3 Kf8 26. Re3 Ke7 27. Bb3 Bxe5 28. dxe5 Qc6 29. Qh4+ Ke8 30. Rxd8+ Rxd8 31. Rc3 $14) 25... Kf8 26. h3 $6 (26. Bb3 $1 Ke7 (26... Qb6 27. Ng6+ fxg6 28. Bxe6 Rc6 29. Qg8+ Ke7 30. Qf7+ Kd6 31. d5 Rc7 32. Bd7 $1 $18) 27. Ng4 Rh8 28. Qf5 $16 {Karpov/}) 26... b6 $6 (26... Bb5 $6 27. Bb3 $1) (26... b5 27. Bb3 a4 28. Ng6+ $1 $18) (26... Ke7 $142 27. Ng4 Rh8 $1 28. Qf5 Bxd4 $13) 27. Bb3 Bb7 28. d5 (28. Ng6+ fxg6 29. Rxe6 $18) 28... Qc7 29. dxe6 Rxd1 30. Ng6+ $1 (30. Ng6+ $1 fxg6 31. e7+ Qxe7 32. Qg8#) 1-0

[Event "Olympiad-24"]
[Site "Valetta"]
[Date "1980.11.29"]
[Round "9"]
[White "Karpov, Anatoly"]
[Black "Hort, Vlastimil"]
[Result "1-0"]
[WhiteElo "2725"]
[BlackElo "2595"]
[PlyCount "121"]
[EventDate "1980.11.20"]
[EventType "team-swiss"]
[EventRounds "14"]
[EventCountry "MLT"]
[SourceTitle "EXT 2000"]
[Source "ChessBase"]
[SourceDate "1999.11.16"]
[SourceVersion "1"]
[SourceVersionDate "1999.11.16"]
[SourceQuality "1"]
[WhiteTeam "Soviet Union"]
[BlackTeam "Czechoslovakia"]
[WhiteTeamCountry "URS"]
[BlackTeamCountry "CSR"]

1. e4 c6 2. d4 d5 3. exd5 cxd5 4. c4 e6 5. Nf3 Nf6 6. Nc3 Be7 7. cxd5 Nxd5 8. Bd3 Nc6 9. O-O O-O 10. Re1 Nf6 11. a3 Qd6 ({RR} 11... g6 12. Bh6 Re8 13. Bc2 b6 14. Qd2 Bb7 15. Rad1 Rc8 16. Qe2 Na5 17. Ne5 Bf8 18. Bg5 Bg7 19. Ng4 h5 20. Ne5 Qc7 21. Nxg6 fxg6 22. Bxg6 Re7 23. Bxh5 Nxh5 24. Bxe7 Nf4 25. Qg4 Re8 26. Bf6 {Schiszler,E-Bambino Filho,A (2168) chess.com INT 2024 0-1 (63)}) ({RR} 11... Re8 12. Bb1 b6 13. Bg5 Bb7 14. Qd3 g6 15. Ba2 Nd5 16. Bxe7 Ncxe7 17. Ne4 Nf5 18. Rac1 Kg7 19. Ne5 f6 20. Nf3 Qd7 21. h4 h5 22. Qd2 Rac8 23. Rxc8 Qxc8 24. Bxd5 Bxd5 25. Nxf6 Kxf6 26. Qg5+ {Thoeng,P (2260)-Hort,V (2555) Antwerp 1994 0-1 (43)}) 12. Be3 Rd8 ({RR} 12... b6 13. Qd2 Bb7 14. Bf4 Qd7 15. Rad1 Rad8 16. Bb1 Rfe8 17. Qd3 g6 18. Ba2 Nd5 19. Nxd5 exd5 20. h3 a6 21. Qd2 Bf8 22. Ne5 Nxe5 23. dxe5 b5 24. b4 Rc8 25. Re3 Qf5 26. Re2 Qe6 27. Kh2 {LCZero 0.31-dag-e429eeb-BT3-2 (3642)-Stockfish dev-20231010-002636 (3673) tcec-chess.com INT 2023 1-0 (143)}) 13. Qc2 $146 ({RR} 13. Qe2 Bd7 14. Rad1 Be8 15. Bb1 Rac8 16. h4 Qb8 17. Bg5 g6 18. Ba2 Kg7 19. g3 a6 20. d5 exd5 21. Bxd5 Nxd5 22. Nxd5 Bxg5 23. hxg5 Na5 24. Qd2 Rxd5 25. Qxd5 Bc6 26. Qd4+ Kg8 27. Ne5 Nb3 {Morchiashvili,B (2199)-Charkhalashvili,I (2305) Batumi 2003 1-0 (52)}) 13... Bd7 14. Rad1 Rac8 15. Bg5 h6 16. Bh4 Qb8 17. Qe2 Be8 18. Bb1 Nd5 19. Qd3 g6 20. Bg3 Bd6 21. Nxd5 exd5 22. Ne5 Qc7 23. Qe3 Qb6 24. Qxh6 Nxe5 25. dxe5 Bf8 26. Qg5 Qe6 27. Ba2 Bb5 28. h3 Rd7 29. Qe3 b6 30. Qf4 Bc4 31. Bb1 Bb3 32. Rd2 a5 33. Bd3 Rdc7 34. Kh2 Rc1 35. Rde2 Rxe1 36. Rxe1 Bc2 37. Ba6 Rc5 38. Be2 Bf5 39. Rd1 Qc6 40. Rd2 Rc2 41. Bf3 Be6 42. Qd4 Rxd2 43. Qxd2 Qc4 44. Be2 Qa2 45. Bf4 Bc5 46. Be3 d4 47. Bg5 Qd5 48. Bf6 Bf8 49. Bd3 Bg7 50. Qf4 Kh7 51. f3 b5 52. Kg3 Qd7 53. Bxg7 Kxg7 54. Qf6+ Kg8 55. h4 Qe8 56. h5 Bc4 57. h6 Qf8 58. Bxg6 Qxh6 59. Bxf7+ Kh7 60. Qf5+ Kh8 61. Qc8+ 1-0

[Event "FIDE-Wch"]
[Site "NED/INA"]
[Date "1993.??.??"]
[Round "4"]
[White "Karpov, Anatoly"]
[Black "Timman, Jan H"]
[Result "1/2-1/2"]
[WhiteElo "2760"]
[BlackElo "2620"]
[Annotator "Ftacnik,Lubomir"]
[PlyCount "40"]
[EventDate "1993.09.??"]
[EventType "match"]
[EventRounds "21"]
[EventCountry "NED"]
[SourceTitle "CBM 036"]
[Source "ChessBase"]
[SourceDate "1993.10.01"]
[SourceVersion "1"]
[SourceVersionDate "1993.10.01"]
[SourceQuality "1"]

1. d4 Nf6 2. c4 e6 3. Nf3 d5 4. Nc3 dxc4 5. Qa4+ c6 6. Qxc4 b5 7. Qd3 Nbd7 8. Bg5 Bb7 9. e3 (9. a3 h6 $1 10. Bf4 (10. Bh4 Qa5 $1 11. Rc1 b4 $10) (10. Bxf6 Nxf6 11. e4 b4 12. axb4 Bxb4 13. Qe3 O-O 14. Ba6 Bxa6 15. Rxa6 c5 16. dxc5 Nd7 17. O-O {Johansen,D-Wallace,JP/Sydney op (05)/1992/0.5 (17)}) 10... b4 11. axb4 Bxb4 $10 12. e3 Nd5 13. Bg3 (13. Be2 $5) 13... c5 $1 14. Be2 cxd4 15. exd4 (15. Nxd4 O-O 16. O-O Nc5 17. Qc4 $10) 15... a5 (15... Rc8 $5 16. O-O $1 Bxc3 17. bxc3 Nxc3 $1 18. Rxa7 Qb6 $15) 16. O-O Ba6 17. Qc2 Bxc3 18. bxc3 (18. Bxa6 Bxb2 $1 $17) 18... Bxe2 19. Qxe2 Nxc3 20. Qd3 Nd5 21. Bd6 $44 {Portisch,L-Nogueiras,J/Bruxelles/1988/}) (9. e4 b4 10. Na4 Qa5 11. b3 c5 12. Bxf6 gxf6 13. d5 O-O-O 14. dxe6 {Petrosian,A-Horvath,Jo/Siofok Hungaroil (02)/1990/0.5 (14)}) ({RR} 9. e4 h6 10. Bh4 Qa5 11. Nd2 a6 12. e5 Nd5 13. Nxd5 cxd5 14. Be2 Bb4 15. a3 Rc8 16. Rd1 Bxd2+ 17. Qxd2 Qxd2+ 18. Kxd2 Nb6 19. b3 Kd7 20. Rc1 Bc6 21. Rc5 Rc7 22. Rhc1 Rhc8 23. f4 Bb7 {Zubarev,A (2372)-Campos,M (2212) chess.com INT 2023 1-0 (34)}) 9... a6 (9... Be7 10. Be2 O-O 11. O-O a6 12. a4 Rc8 13. Rfe1 b4 14. Bxf6 Nxf6 15. Ne4 Nxe4 16. Qxe4 Rc7 {0,5/Nikolic,Pr-Ribli,Z/Barcelona WC/1989/}) 10. Be2 c5 11. O-O Be7 $146 ({RR} 11... cxd4 12. Nxd4 Be7 13. a3 O-O 14. Rac1 Nc5 15. Qd1 Rc8 16. Bf3 Bxf3 17. Qxf3 Nd3 18. Rcd1 Nxb2 19. Nxe6 Qb6 20. Nxf8 Nxd1 21. Rxd1 Bxf8 22. e4 h6 23. Bh4 Qe6 24. h3 Bxa3 25. Nxb5 axb5 26. Bxf6 {Rodriguez Lopez,R (2299)-De la Villa Garcia,J (2476) Sanxenxo 2009 0-1 (35)}) 12. Rfd1 O-O 13. dxc5 Nxc5 14. Qd4 Qxd4 15. Rxd4 Rfd8 16. Rad1 h6 (16... Rxd4 17. Rxd4 Rc8 18. h3 Kf8 $15) 17. Rxd8+ Rxd8 18. Bf4 Rxd1+ 19. Nxd1 Nd5 20. Bb8 Nb4 $15 1/2-1/2

[Event "Linares 11th"]
[Site "Linares"]
[Date "1993.??.??"]
[Round "6"]
[White "Karpov, Anatoly"]
[Black "Gelfand, Boris"]
[Result "1-0"]
[WhiteElo "2725"]
[BlackElo "2690"]
[PlyCount "89"]
[EventDate "1993.02.??"]
[EventType "tourn"]
[EventRounds "13"]
[EventCountry "ESP"]
[EventCategory "18"]
[SourceTitle "CBM 034"]
[Source "ChessBase"]
[SourceDate "1993.06.01"]
[SourceVersion "1"]
[SourceVersionDate "1993.06.01"]
[SourceQuality "1"]

1. d4 Nf6 2. c4 e6 3. Nf3 d5 4. Nc3 dxc4 5. Qa4+ c6 6. Qxc4 b5 7. Qd3 Bb7 8. e4 b4 9. Na4 Nbd7 10. Bg5 Qa5 11. b3 c5 12. Bxf6 gxf6 13. Be2 O-O-O 14. O-O Kb8 15. d5 Nb6 16. Nxb6 Qxb6 17. Rad1 $146 ({RR} 17. Qe3 exd5 18. exd5 Rxd5 19. Bc4 Rd8 20. Rad1 Bd6 21. Rd3 Rhe8 22. Qh6 Be4 23. Re3 f5 24. Rfe1 Bc7 25. Qh5 {½-½ (25) Kazhgaleyev,M (2599)-Erdos,V (2523) Sibenik 2007}) 17... Bh6 18. Qc4 Rd6 19. dxe6 Rxe6 20. Rd5 Rhe8 21. Bd3 Rd8 22. Rd1 Red6 23. Be2 Bxd5 24. exd5 Qb7 25. Qh4 Bf8 26. Bc4 Rxd5 27. Bxd5 Rxd5 28. Re1 Rd8 29. Qxf6 Qc7 30. g3 Bd6 31. Ng5 Rd7 32. Re8+ Kb7 33. Ne4 Qc6 34. Qf5 Be7 35. Kg2 Rc7 36. Rh8 Qg6 37. Qd5+ Qc6 38. Qxc6+ Kxc6 39. Rxh7 Kd5 40. Nd2 Bf6 41. Nc4 Kd4 42. Rh6 Rc6 43. g4 Re6 44. h4 Kd5 45. g5 1-0

[Event "Las Palmas"]
[Site "Las Palmas"]
[Date "1996.12.15"]
[Round "5"]
[White "Karpov, Anatoly"]
[Black "Kasparov, Garry"]
[Result "1/2-1/2"]
[WhiteElo "2775"]
[BlackElo "2785"]
[Annotator "Kramnik,Vladimir"]
[PlyCount "89"]
[EventDate "1996.12.08"]
[EventType "tourn"]
[EventRounds "10"]
[EventCountry "ESP"]
[EventCategory "21"]
[SourceTitle "CBM 057"]
[Source "ChessBase"]
[SourceDate "1997.04.01"]
[SourceVersion "1"]
[SourceVersionDate "1997.04.01"]
[SourceQuality "1"]

1. d4 {Ftacnik Hecht} Nf6 2. Nf3 d5 3. c4 e6 4. Nc3 dxc4 5. Qa4+ {The other well-known lines are:} (5. e4 Bb4) (5. e3 a6 6. Bxc4 c5) 5... c6 6. Qxc4 b5 7. Qd3 (7. Qb3 Nbd7 8. g3 b4 9. Nb1 c5 10. Bg2 Bb7 11. O-O Nb6 12. dxc5 Bxc5 {Black is Okay, Kelecevic,N-Maksimenko,A/op Geneva SUI 1996}) 7... Bb7 (7... Nbd7 8. a3 b4 $6 9. axb4 Bxb4 10. e4 a5 11. e5 Nd5 12. Bd2 Ba6 13. Qe4 Bxf1 14. Kxf1 {White is clearly better, Karpov,A-Lautier,J, 1996}) 8. a3 ({Alternative is} 8. Bg5 $5) ({RR} 8. e4 b4 9. Na4 Qa5 10. b3 c5 11. Ne5 cxd4 12. Qb5+ Qxb5 13. Bxb5+ Ke7 14. Nc5 Bxe4 15. Bb2 Bxg2 16. Rg1 Bc6 17. Bxc6 Nxc6 18. Nxc6+ Kd6 19. Rc1 Kxc6 20. Nxe6+ Kd7 21. Nxf8+ Rhxf8 22. Bxd4 Rac8 {Andreikin,D (2713)-Anand,V (2786) Moscow 2013 ½-½ (34)}) ({RR} 8. e4 b4 9. Na4 Nbd7 10. Bg5 Qa5 11. b3 c5 12. Bxf6 gxf6 13. Be2 O-O-O 14. O-O Kb8 15. d5 Nb6 16. Nxb6 Qxb6 17. Rad1 Bh6 18. Qc4 Rd6 19. dxe6 Rxe6 20. Rd5 Rhe8 21. Bd3 Rd8 22. Rd1 Red6 {Karpov,A (2725)-Gelfand,B (2690) Linares 1993 1-0 (45)}) 8... a6 9. e3 c5 $146 ({RR} 9... Nbd7 10. Be2 Be7 11. O-O O-O 12. b4 a5 13. bxa5 Rxa5 14. Bb2 Qa8 15. Qc2 Bxa3 16. Qb3 Be7 17. Rxa5 Qxa5 18. Ra1 Qb6 19. e4 Rb8 20. h3 h6 21. Bc1 Ra8 22. Rxa8+ Bxa8 23. Be3 Qa5 24. d5 {Woynowski,M (1874)-Popvasilev,K (2080) Hamburg 2018 0-1 (51)}) 10. dxc5 Bxc5 11. Qxd8+ Kxd8 {Black equalized and stays a little bit better} 12. Bd2 Ke7 13. Bd3 Nbd7 14. Ke2 Bd6 15. Rhd1 Rac8 16. Rac1 Nb6 17. Be1 Nc4 18. Rc2 Bxf3+ $1 (18... Rhd8 {Ftacnik} 19. h3 $10) 19. gxf3 (19. Kxf3 Ne5+ 20. Ke2 Nxd3 21. Rxd3 Ng4 (21... Bxh2 {Ftacnik} 22. g3 h5 $17) 22. h3 Ne5 23. Rd1 Rc7 {and it is not easy for White to eliminate Black's pressure on Queen-side}) 19... Ne5 (19... Bxh2 $2 {Ftacnik} 20. f4 $1 (20. a4 $2 Ne5 21. axb5 Nxd3 22. Rxd3 axb5 { 23...b4}) 20... Nd6 (20... h6 $2 21. a4 Nd6 (21... bxa4 22. Nxa4) 22. axb5 axb5 (22... Nxb5 23. Nxb5 Rxc2+ 24. Bxc2 axb5 25. Bb4+ Ke8 26. Bd3 (26. Rh1)) 23. Nxb5 Rxc2+ 24. Bxc2 Nxb5 25. Bb4+ Ke8 26. Ba4) 21. Bd2 $1 Rc5 22. Rh1 Rh5 23. Kf1 {× h2}) 20. h3 Nxd3 21. Rxd3 Rhd8 {White must be careful, his pawn chain is broken} 22. Rcd2 Bc7 23. Rc2 $6 (23. Rxd8 {Too passive. Better was} Rxd8 24. Ne4 Nd5 25. Rc2 Bb6) 23... Bb6 24. Rxd8 Kxd8 25. Rd2+ Ke7 26. Rd1 g6 { h4-d8} (26... Rc5 {Ftacnik} 27. Ne4 Nxe4 28. fxe4 Rc2+ 29. Rd2 Rxd2+ 30. Bxd2) 27. f4 { f3, h4} ({worse is} 27. Ne4 $2 Nd5) 27... Rc4 28. f3 Nd7 29. b3 Rc6 30. Ne4 Rc2+ 31. Rd2 (31. Kd3 $1 {Ftacnik} Rc6 (31... Rc7 32. Ke2 Rc2+ 33. Kd3 $10) (31... Rh2 $2 32. Bb4+ Kd8 33. Nd6 (33. Ng5 Ke8 34. Rc1) 33... f5 34. Rc1 Nf6 35. Nf7+ Ke8 36. Ne5 Kd8 37. Rc6) (31... Rb2 $2 32. Bb4+ Ke8 (32... Kd8 33. Kc3 $18 { 34.f6}) 33. Nd6+ Kd8 34. Nxf7+ Ke8 35. Nd6+ Kd8 36. Kc3 Rh2 (36... Rf2 $2 37. Ne4 Rxf3 38. Nf6) 37. Rd3 (37. e4) 37... Kc7 (37... Rxh3 38. Nf7+ { g5}) 38. Nf7 Rxh3 $6 39. Ng5 Rg3 40. Nxe6+) (31... Rg2 $2 32. Bb4+ Kd8 33. Ng5 Ke8 34. Rc1 Bd8 35. Nxh7 Rh2 36. Rc8 $18) (31... Ra2 $2 32. Bb4+ Kd8 33. Ng5 Ke8 34. Rc1 Bd8 35. Nxh7 { 36.c8+-}) 32. Bb4+ (32. Ke2 $5 a5 $140 $6 33. b4 $1 {× b5}) 32... Kd8 33. Nd6 (33. Ng5 Ke8 34. Nxh7 $6 (34. Ne4) 34... a5) 33... f6 34. e4 Kc7 35. Ke2 Rc2+ 36. Rd2) 31... Rxd2+ 32. Bxd2 Bc5 $5 {A provocative move, as 33.b4 Bd6 favors Black, as well as 33.Bb4 Bxb4 33.axb4 f5 34.Nc3 (34.Nc5!? Nxc5 35.bxc5 a5); The reasonable reply is 33.a4} 33. Nxc5 (33. a4 {Ftacnik} bxa4 34. bxa4 $10) 33... Nxc5 34. Bb4 Kd6 35. Kd2 (35. Kd1 {Ftacnik} a5 (35... Kc6 36. Kc2) (35... Kd5 36. Kc2) 36. Bxa5 $2 Nxb3 37. Bc3 Kd5 { c4}) 35... a5 36. Bxc5+ Kxc5 {Black has advantage in the pawn ending because his pawn structure is better and his King is more active.  Hecht Raum und bessere Bauernstruktur und mehr Tempi für Schwarz. Gewinnmotiv: entfernten Freibauer am K-Flügel bilden.} 37. Kd3 f6 38. h4 $6 {it is very likely that this inaccuracy could cost Karpov a lot because it gives Black an important tempo in the critical moment. 38.e4 deserved attention} (38. e4 $1) 38... Kd5 39. b4 (39. e4+ {Ftacnik} Kd6 40. Ke3 (40. Kd4 $2 e5+ 41. fxe5+ fxe5+ 42. Kd3 Ke6 43. a4 b4 44. Kc4 (44. Ke3 Kf6 45. f4 exf4+ 46. Kxf4 h6 47. e5+ Ke6 48. Ke4 g5 $19) 44... h5 $19 { 45.b5 g5}) 40... e5 41. f5 $1 gxf5 42. exf5 Kd5 43. Kd3 a4 44. bxa4 bxa4 45. h5 h6 46. Kc3 e4 47. fxe4+ Kxe4 48. Kb4 Kxf5 49. Kxa4 Kg4 50. Kb4 f5 51. a4 f4 52. a5 f3 53. a6 f2 54. a7 f1=Q 55. a8=Q $10) 39... axb4 40. axb4 h6 $2 {This move allows White to escape. Black was winning after 40... e5} (40... e5 41. e4+ (41. fxe5 Kxe5 42. Kd2 (42. Ke2 h5 43. Kf2 Kd5) 42... h5 43. Ke2 g5 44. hxg5 fxg5 45. Kf2 h4 46. Kg2 Kd5 47. f4 gxf4 48. exf4 Ke4 49. Kh3 Kxf4 $19) 41... Kd6 (41... Ke6 {Ftacnik} 42. Ke3 (42. fxe5 fxe5 43. Ke3 Kf6 44. f4 (44. Kf2 h5 45. Kg3 g5 46. Kh3 gxh4 47. Kxh4 Kg6 $19) 44... exf4+ 45. Kxf4 h6 $19) 42... Kd6 $1 (42... Kf7 $2 43. f5 $1 gxf5 44. exf5 Kg7 45. Kf2 Kh6 46. Kg3 $10) 43. f5 (43. fxe5+ fxe5 44. Kf2 Ke6 45. Kg2 Kf6 46. Kg3 h6) 43... gxf5 44. exf5 Kd5 45. Kd3 (45. h5 Kc4 46. Ke4 h6 $19) 45... h5 46. Ke3 Kc4 47. Ke4 Kxb4 48. Kd5 Kc3 49. Ke6 b4 50. Kxf6 b3 51. Kg7 b2 52. f6 b1=Q 53. f7 Qb7 54. Kg8 Qxf3 $19) 42. fxe5+ fxe5 43. Ke3 Ke6 44. Kf2 Kf6 45. Kg2 (45. Kg3 h6 $1 46. Kg4 (46. f4 exf4+ 47. Kxf4 g5+ 48. hxg5+ hxg5+ 49. Kg4 Ke5 {and Black is winning}) 46... h5+ 47. Kg3 g5 {winning}) 45... h5 $1 {with the following g6-g5}) 41. e4+ Kd6 42. Ke3 e5 43. fxe5+ fxe5 (43... Kxe5 44. f4+ Ke6 45. Kf3 $11 (45. Kd4 g5 46. hxg5 hxg5 47. Ke3 $1 $11)) 44. Kf2 Ke6 45. Kg2 $1 {The only move that allows White to save the game} (45. Kg3 $4 Kf6 46. Kg4 h5+ 47. Kg3 g5 48. Kh3 gxh4 49. Kxh4 Kg6 50. Kh3 Kg5 51. Kg3 h4+ $19) (45. Kg2 $1 Kf6 46. Kg3 h5 (46... g5 47. h5 $10) 47. f4) 1/2-1/2